Острозька давнина (Запис № 458464)
[ простий вигляд ]
| 000 -LEADER | |
|---|---|
| fixed length control field | 00923 a2200229 4500 |
| 003 - CONTROL NUMBER IDENTIFIER | |
| control field | UA-OsUOA |
| 005 - DATE AND TIME OF LATEST TRANSACTION | |
| control field | 20210331100718.0 |
| 008 - FIXED-LENGTH DATA ELEMENTS--GENERAL INFORMATION | |
| fixed length control field | 200320b un ||||| |||| 00| 0 ukr d |
| 040 ## - CATALOGING SOURCE | |
| Original cataloging agency | UA-OsUOA |
| Language of cataloging | ukr |
| Transcribing agency | UA-OsUOA |
| Modifying agency | UA-OsUOA |
| 041 ## - LANGUAGE CODE | |
| Language code of text/sound track or separate title | ukr |
| 080 ## - UNIVERSAL DECIMAL CLASSIFICATION NUMBER | |
| Universal Decimal Classification number | 908(477.81)(082) |
| 090 ## - LOCALLY ASSIGNED LC-TYPE CALL NUMBER (OCLC); LOCAL CALL NUMBER (OCLC) | |
| Classification number (OCLC) (R) ; Classification number, CALL (RLIN) (NR) | 908(477.81)(082) |
| Local cutter number (OCLC) ; Book number/undivided call number, CALL (RLIN) | О-77 |
| 245 ## - TITLE STATEMENT | |
| Title | Острозька давнина |
| Remainder of title | науковий збірник |
| Statement of responsibility, etc | гол. ред. Ігор Пасічник ; відпов. ред. Ігор Тесленко |
| Number of part/section of a work | вип. 5 |
| 260 ## - PUBLICATION, DISTRIBUTION, ETC. (IMPRINT) | |
| Name of publisher, distributor, etc | Вид-во НаУОА |
| Date of publication, distribution, etc | 2016 |
| Place of publication, distribution, etc | Остріг |
| 300 ## - PHYSICAL DESCRIPTION | |
| Extent | 288 с. |
| Accompanying material | іл. |
| 650 ## - SUBJECT ADDED ENTRY--TOPICAL TERM | |
| Source of heading or term | UDC |
| Topical term or geographic name as entry element | 908 Краєзнавство |
| 700 1# - ADDED ENTRY--PERSONAL NAME | |
| Personal name | Пасічник І. |
| Relator term | гол. ред. |
| 700 1# - ADDED ENTRY--PERSONAL NAME | |
| Personal name | Тесленко І. |
| Relator term | відпов. ред. |
| 942 ## - ADDED ENTRY ELEMENTS (KOHA) | |
| Koha item type | Книги |
| Source of classification or shelving scheme | Universal Decimal Classification |
| 955 ## - COPY-LEVEL INFORMATION (RLIN) | |
| Classification number, CCAL (RLIN) | Наукові видання |
| Withdrawn status | Lost status | Source of classification or shelving scheme | Damaged status | Not for loan | Home library | Current library | Date acquired | Source of acquisition | Cost, normal purchase price | Total Checkouts | Full call number | Barcode | Date last seen | Date checked out | Cost, replacement price | Price effective from | Koha item type | Checked out | Collection code | Public note |
|---|---|---|---|---|---|---|---|---|---|---|---|---|---|---|---|---|---|---|---|---|
| Universal Decimal Classification | АБ - Абонемент НБ | АБ - Абонемент НБ | 20/03/2020 | 6/24.02.20 | 95.00 | 1 | 908(477.81)(082) О-77 | 162453 | 23/12/2021 | 29/09/2021 | 95.00 | 20/03/2020 | Книги | |||||||
| Universal Decimal Classification | АБ - Абонемент НБ | АБ - Абонемент НБ | 20/03/2020 | 6/24.02.20 | 95.00 | 908(477.81)(082) О-77 | 162452 | 17/01/2022 | 95.00 | 20/03/2020 | Книги | |||||||||
| Universal Decimal Classification | ЧЗ - Читальна зала | ЧЗ - Читальна зала | 20/03/2020 | 6/24.02.20 | 95.00 | 1 | 908(477.81)(082) О-77 | 162450 | 08/05/2024 | 08/05/2024 | 95.00 | 20/03/2020 | Книги | |||||||
| Universal Decimal Classification | ЧЗ - Читальна зала | ЧЗ - Читальна зала | 20/03/2020 | 6/24.02.20 | 95.00 | 2 | 908(477.81)(082) О-77 | 162451 | 27/01/2026 | 27/01/2026 | 95.00 | 20/03/2020 | Книги | 27/04/2026 | ||||||
| Universal Decimal Classification | ЧЗ - Читальна зала | ЧЗ - Читальна зала | 09/03/2021 | №6/04.03.2021 | 50.00 | 908(477.81)(082) О-77 | 163330 | 14/12/2021 | 50.00 | 09/03/2021 | Книги | Колекція Пасічника І.Д. | подаровано Пасічник І. Д. |